00547 a2200169 4500003000200000005001700002040000900019082001600028100003900044245010700083260003900190300001200229505007200241650001600313651001100329700003700340020251110144710.0 cNust a621.382,JAM aJamal, NC Wasif Muhammad (TCC-05) aEmulation system of 8751 /cMuhammad Wasif Jamal, NC Jawad Saraf and Muhammad Shahzad Akram (TCC-05) aRawalpindibMCS (UET Lahore)c1997 a130 p.; aEmulator (Pge-5), Target system (Page-60), Power supply (Page-105). aUG Projects aTCC-05 aSupervised by Lt Col Khaista Gul